000 00754pam a2200265 i 4500
001 4664574
003 000
005 20170725112149.0
007 000
008 800129s1980 njua b 001 0 eng
010 _a 80065192
020 _a0916672530 :
_c$25.00 (est.)
040 _aUOEL
_cDLC
_dDLC
050 0 0 _aHC79.E5
_bS257
082 0 0 _a363.7
100 1 _aSandbach, Francis.
245 1 0 _aEnvironment, ideology, and policy /
_cFrancis Sandbach.
260 _aMontclair, N.J. :
_bAllanheld, Osmun,
_c1980.
300 _axiii, 254 p. :
_bill. ;
_c24 cm.
500 _aIncludes index.
504 _aBibliography: p. [225]-248.
650 0 _aEnvironmental policy.
906 _a7
_bcbc
_corignew
_d1
_eopcn
_f19
_gy-gencatlg
942 _2lcc
_cSBK
999 _c14345
_d14345